000 00587nam a2200181Ia 4500
008 090124s9999 xx 000 0 und d
082 _b113342
100 _aबोरकर कमलाकर
245 _a ज्योत तेवते मैत्रीची
250 _a1
260 _c1970
300 _a86
600 _aबोरकर कमलाकर
630 _a ज्योत तेवते मैत्रीची
700 _aबोरकर कमलाकर
730 _a ज्योत तेवते मैत्रीची
942 _cBOOK
999 _c159433
_d159433